000 00620cam a2200193 4500
001 J11453
008 000000n2002 000 0 eng u
035 _a(Sirsi) u117607
050 _a333.33709421
110 _aCB Hillier Parker
_93660
245 _aCentral London office market : market index brief. - Quarter 1 2002
260 _aLondon
_bCB Hillier Parker
_c2002
300 _a1pt. ; 30cm.
650 _aPROPERTY-COMMERCIAL PROPERTY-OFFICE PROPERTY-OFFICE PROPERTY MARKET
650 _aOFFICES
650 _aCENTRAL LONDON
690 _aPROPERTY-COMMERCIAL PROPERTY-COMMERCIAL PROPERTY MARKET
942 _n0
999 _c102031
_d102031